000 00962nam a2200277 a 4500
001 000026197
003 DO-SdBNP
005 20260427125202.0
007 ta
008 110304s2012 xxu 000 0 spa d
020 _a9781598353075
040 _aDO-SdBNP
_bspa
_cBNPHU
082 4 _aRD861.5
_bR758m
_222
100 1 _aRomán Jorge, Francisco,
_d1968-
_953210
245 1 0 _aMujer y patria /
_cFrancisco Román Jorge ; prólogo Antonio Taveras Mejía ; epílogo Juan Luciano Amadís Rodríguez.
260 _aLawrence, MA :
_bCBH Books,
_c2012.
300 _a61 p. ;
_c22 cm.
500 _aIncluye datos biográficos del autor en la contracubierta.
590 _aInventariado, 2022 /LP
650 4 _aPoesía dominicana
650 4 _aLiteratura dominicana
_ySiglo XX
_985167
700 1 _aTaveras Mejía, Antonio,
_epról.
_96478
700 1 _aAmadís Rodríguez, Juan Luciano,
_919706
910 _aValidado. Control de calidad MFF
942 _2ddc
_cLBS1
999 _c25689
_d25689